[Event "FIDE Online Olympiad Final 2020"]
[Site "Online"]
[Date "2020.08.30"]
[Round "2"]
[White "Goryachkina, Aleksandra"]
[Black "Koneru, Humpy"]
[Result "1-0"]
[WhiteElo "2504"]
[BlackElo "2442"]
[Annotator "TA"]
[PlyCount "175"]
[EventDate "2020.08.30"]
[EventType "k.o."]
[SourceTitle "playchess.com"]
[Source "ChessBase"]
[SourceQuality "1"]

{[%evp 12,175,11,11,14,6,8,15,13,2,10,5,12,14,7,0,0,6,13,24,6,18,19,18,23,0,0,0,0,0,16,0,0,0,1,0,10,6,20,29,66,45,36,31,35,19,94,87,141,64,252,252,680,681,603,138,142,138,137,67,227,67,248,94,569,256,321,321,322,306,329,324,329,316,315,303,532,486,748,710,706,633,650,620,614,561,787,30,33,0,798,617,681,758,754,737,776,801,710,303,310,295,857,840,831,781,879,718,699,700,681,670,885,813,696,689,689,460,1212,0,914,816,1178,1189,1183,1122,2449,2254,2990,2773,1839,941,988,778,873,666,817,0,605,562,847,835,1956,1539,1535,1181,3190,3253,29977,29978,29978,29979,29978,29953,29984,29963,1956,29960,10641,6963,5604,2989,1547,852,29986,29987]} 1. Nf3 Nf6 2. c4 e6 3. Nc3 d5 4. d4 Be7 5. Bf4 O-O 6. e3 b6 7. Bd3 Ba6 {7...dxc4 is setting a new trend. D37: Queen's Gambit Declined: 5 Bf4.} 8. cxd5 Nxd5 9. Nxd5 Qxd5 {The position is equal.} 10. O-O Bxd3 11. Qxd3 c5 12. e4 Qb7 13. d5 exd5 14. exd5 Nd7 {[#]} 15. d6 $5 $146 {[%mdl 8] New and interesting.} ({Predecessor:} 15. Rfe1 Rfe8 16. b3 Bf6 17. Rad1 b5 18. h4 h6 19. g4 Nf8 20. g5 hxg5 21. hxg5 {1-0 (38) Korobov,A (2692)-Yu,Y (2729) Doha 2016}) 15... Bf6 16. Ng5 Bxg5 17. Bxg5 Ne5 18. Qg3 f6 19. Bf4 Rfe8 20. Rad1 Qd7 21. Bxe5 Rxe5 22. Qb3+ Kh8 23. Rd2 Rae8 24. h3 h6 25. Rfd1 R8e6 26. Qf3 Re8 27. b3 Kg8 28. a4 a6 (28... Rd8 $11) 29. Rd5 $16 R5e6 {[#]} (29... Re1+ $142 30. Kh2 Rxd1 31. Rxd1 a5) 30. Qd3 (30. a5 $1 $16 {[%mdl 512]}) 30... Ra8 $2 {[#]} (30... a5 $1 $14) 31. a5 $1 $18 {[%cal Ra5b6][%mdl 512]} bxa5 $2 (31... Qc6 32. d7 Rd8 33. Qxa6 Kf7) 32. Rxc5 Rd8 {[%cal Rd7d6]} 33. Rd5 $2 (33. Qc4 $18 {is the precise move to win.} Kh7 34. Rc7) 33... a4 $16 34. bxa4 Qxa4 35. d7 (35. Qc3 $16) 35... Re7 $2 (35... Qb4 $14) 36. g3 $2 (36. Qc3 $1 $18 Rf7 37. g3) 36... a5 $2 {[#]} (36... Qc6 $14) 37. Rd6 $2 (37. Qc3 $1 $18 {and the rest is easy.} Kh7 38. R5d4 (38. Qxa5 Qxa5 39. Rxa5 Rexd7 $11)) 37... Qa2 $2 {[%mdl 8192]} (37... Qb4 $16) 38. Qc3 (38. Rc1 $142 Rf7 39. Re1) 38... Qf7 39. Qc7 ({Weaker is} 39. Qxa5 Rdxd7 40. Kg2 Rxd6 $11) 39... Qf8 40. Qxa5 f5 41. Qd5+ Kh8 42. Qd4 Kh7 43. h4 f4 $2 (43... Qf7 {keeps fighting.} 44. Qd3 Kg8) 44. Qxf4 $18 Qxf4 (44... Qf7 $142 45. Qd2 Kh8) 45. gxf4 {[%mdl 4096] Endgame KRR-KRR} Rf7 46. R6d4 Kg8 47. Kg2 Kf8 48. Kg3 Ke7 49. Re4+ $2 (49. h5 $18 {Strongly threatening Kg4.} Rf5 50. Re4+ Kf7 51. Re5) 49... Kf8 $11 50. Red4 $2 {[%mdl 8192]} (50. h5 $14 Rfxd7 51. Rde1) 50... Ke7 $1 $18 {White now steadily converts the win.} 51. Kg4 Rf6 52. Re4+ Kf7 53. Re5 Rg6+ 54. Kf3 Rb6 55. Rd3 (55. h5 $142 Rb7 56. Red5) 55... Rb7 56. Red5 Ke7 $2 (56... h5 57. f5 Rb1) 57. Kg4 Rb6 58. h5 Kf7 59. Rf5+ Ke7 60. Re5+ Kf7 61. f5 Rb4+ 62. f4 Rb7 63. Red5 Rb1 64. Rd6 Rb5 (64... Rg1+ $142 65. Kf3 Rh1) 65. R6d5 $2 ({White has to play} 65. R3d5 $18 Rb7 {[#]} 66. f6 $1 {[%mdl 512]}) 65... Rb6 $2 {[%mdl 8192]} (65... Rb1 $11 66. Rd2 Rg1+ 67. Kf3 Rf1+ 68. Ke4 Re1+ 69. Kd4 Rc1) 66. Kf3 Rb7 67. Ke4 Rb4+ 68. R3d4 Rb6 69. Rd6 Rb5 70. R4d5 Rb4+ 71. Ke3 Rb3+ 72. Rd3 Rb5 73. R6d5 Rb6 74. Kf3 $2 ({White should play} 74. Kd4 $18 Rb4+ 75. Kc5 Rxf4 76. Kc6) 74... Rb1 $2 {[%mdl 8192]} (74... Rb7 $11 75. Rd6 Rb1) 75. Rd2 Rb3+ 76. Kg4 Rb6 77. Rd6 Rb5 78. R2d5 Rb1 {[#]} 79. f6 $1 Rg1+ (79... gxf6 80. Kf5) 80. Kf5 Rh1 81. fxg7 Rxh5+ 82. Kg4 Rh1 83. Rc6 Rg1+ 84. Kf5 Rxg7 85. Rxh6 Ke7 86. Re6+ Kf8 87. Rf6+ Kg8 88. Rg6 {Accuracy: White = 69%, Black = 40%.} 1-0

[Event "FIDE Online Olympiad Final 2020"]
[Site "Online"]
[Date "2020.08.30"]
[Round "2"]
[White "Harika, Dronavalli"]
[Black "Kosteniuk, Alexandra"]
[Result "1/2-1/2"]
[WhiteElo "2476"]
[BlackElo "2505"]
[Annotator "ChessBase"]
[PlyCount "71"]
[EventDate "2020.08.30"]
[EventType "k.o."]
[SourceTitle "playchess.com"]
[Source "ChessBase"]
[SourceQuality "1"]
[TimeControl "900+5"]

1. Nf3 {[%emt 0:00:05]} Nf6 {[%emt 0:00:03]} 2. g3 {[%emt 0:00:02]} c5 {[%emt 0:00:09]} 3. Bg2 {[%emt 0:00:11]} Nc6 {[%emt 0:00:05]} 4. O-O {[%emt 0:00:10]} d5 {[%emt 0:00:03]} 5. d4 {[%emt 0:00:13]} cxd4 {[%emt 0:00:02]} 6. Nxd4 {[%emt 0:00:02]} e5 {[%emt 0:00:01]} 7. Nxc6 {[%emt 0:00:02]} bxc6 {[%emt 0:00:01]} 8. c4 {[%emt 0:00:13]} Be6 {[%emt 0:00:01]} 9. Qa4 {[%emt 0:00:20]} Qd7 {[%emt 0:00:01]} 10. Nc3 {[%emt 0:01:01]} Rc8 {[%emt 0:00:05]} 11. Bg5 {[%emt 0:00:31]} d4 {[%emt 0:00:05]} 12. Rfd1 {[%emt 0:00:46]} Bd6 {[%emt 0:00:26]} 13. Bxf6 {[%emt 0:01:08]} gxf6 {[%emt 0:00:00]} 14. e3 {[%emt 0:03:13]} c5 {[%emt 0:00:17]} 15. Qxd7+ {[%emt 0:00:06]} Kxd7 {[%emt 0:00:09]} 16. Nd5 {[%emt 0:00:04]} Bxd5 {[%emt 0:00:17]} 17. Bxd5 {[%emt 0:00:02]} Rb8 {[%emt 0:00:08]} 18. b3 {[%emt 0:00:03]} Ke7 {[%emt 0:00:14]} 19. Kg2 {[%emt 0:00:17]} Rb6 {[%emt 0:00:11]} 20. Rd2 {[%emt 0:00:09]} a5 {[%emt 0:00:13]} 21. Re1 {[%emt 0:00:05]} Kf8 {[%emt 0:02:42]} 22. Rd3 {[%emt 0:00:17]} Kg7 {[%emt 0:00:16]} 23. f4 {[%emt 0:00:03]} a4 {[%emt 0:03:29]} 24. fxe5 {[%emt 0:00:08]} fxe5 {[%emt 0:00:04]} 25. exd4 {[%emt 0:00:04]} cxd4 {[%emt 0:00:23]} 26. c5 {[%emt 0:00:09]} Bxc5 {[%emt 0:00:02]} 27. Rxe5 {[%emt 0:00:04]} f6 {[%emt 0:00:16]} 28. Re2 {[%emt 0:00:11]} Rd8 {[%emt 0:00:32]} 29. Bc4 {[%emt 0:00:05]} a3 {[%emt 0:00:20]} 30. Kf3 {[%emt 0:00:11]} Kg6 {[%emt 0:01:05]} 31. Re4 {[%emt 0:00:11]} Rbd6 {[%emt 0:00:45]} 32. Rg4+ {[%emt 0:00:07]} Kh6 {[%emt 0:00:23]} 33. Rh4+ {[%emt 0:00:11]} Kg6 {[%emt 0:00:04]} 34. Rg4+ {[%emt 0:00:01]} Kh6 {[%emt 0:00:02]} 35. Re4 {[%emt 0:00:19]} Kg6 {[%emt 0:00:02]} 36. Rg4+ {[%emt 0:01:12]} 1/2-1/2

[Event "FIDE Online Olympiad Final 2020"]
[Site "Online"]
[Date "2020.08.30"]
[Round "2"]
[White "Divya, Deshmukh"]
[Black "Shuvalova, Polina"]
[Result "0-1"]
[WhiteElo "2142"]
[BlackElo "2306"]
[Annotator "ChessBase"]
[PlyCount "50"]
[EventDate "2020.08.30"]
[EventType "k.o."]
[SourceTitle "playchess.com"]
[Source "ChessBase"]
[SourceQuality "1"]
[TimeControl "900+5"]

1. Nf3 {[%emt 0:00:01]} Nf6 {[%emt 0:00:15]} 2. g3 {[%emt 0:00:02]} d5 {[%emt 0:00:16]} 3. Bg2 {[%emt 0:00:02]} e6 {[%emt 0:00:02]} 4. O-O {[%emt 0:00:03]} b5 {[%emt 0:00:41]} 5. d3 {[%emt 0:00:04]} Be7 {[%emt 0:00:19]} 6. Nbd2 {[%emt 0:00:16]} Bb7 {[%emt 0:00:09]} 7. c3 {[%emt 0:00:57]} O-O {[%emt 0:00:17]} 8. Qc2 {[%emt 0:00:13]} c5 {[%emt 0:00:14]} 9. Re1 {[%emt 0:00:49]} Nc6 {[%emt 0:00:18]} 10. e4 {[%emt 0:00:49]} Qc7 {[%emt 0:00:48]} 11. Nf1 {[%emt 0:00:13]} Rfd8 {[%emt 0:00:45]} 12. e5 {[%emt 0:02:17]} Nd7 {[%emt 0:00:02]} 13. Bf4 {[%emt 0:00:00]} a5 {[%emt 0:02:13]} 14. h4 {[%emt 0:00:16]} a4 {[%emt 0:00:03]} 15. a3 {[%emt 0:00:24]} h6 {[%emt 0:01:14]} 16. Ne3 {[%emt 0:03:18]} Nb6 {[%emt 0:01:05]} 17. Ng4 {[%emt 0:03:06]} Bf8 {[%emt 0:00:11]} 18. Qd2 {[%emt 0:00:37]} Kh7 {[%emt 0:01:14]} 19. d4 {[%emt 0:00:30]} Nd7 {[%emt 0:01:31]} 20. Bf1 {[%emt 0:00:28]} c4 {[%emt 0:02:18]} 21. Be2 {[%emt 0:00:23]} Ne7 {[%emt 0:00:18]} 22. Bd1 {[%emt 0:00:35]} Nf5 {[%emt 0:01:00]} 23. Bc2 {[%emt 0:00:06]} Ra6 {[%emt 0:00:09]} 24. Kg2 {[%emt 0:00:50]} Qc8 {[%emt 0:00:18]} 25. Rh1 {[%emt 0:00:12]} Kg8 {[%emt 0:00:03]} 0-1